[Event "WC-2013-T-00004"]
[Site "LSS email"]
[Date "2011.12.24"]
[Round "?"]
[White "Laghetti, Gaetano"]
[Black "Makovsky, Petr"]
[Result "1/2-1/2"]
[WhiteElo "2402"]
[BlackElo "2482"]
[PlyCount "63"]
[EventDate "2011.12.28"]
[EventType "tourn (corr)"]
[EventRounds "12"]
[EventCountry "GER"]
[SourceTitle "Telechess CBM 163"]
[Source "ChessBase"]
[SourceDate "2014.11.11"]
[SourceVersion "2"]
[SourceVersionDate "2014.11.11"]
[SourceQuality "1"]

1. d4 Nf6 2. c4 e6 3. Nf3 d5 4. Nc3 c6 5. Bg5 h6 6. Bh4 dxc4 7. e4 g5 8. Bg3 b5 9. Be2 Bb7 10. 0-0 Nbd7 11. Ne5 Nxe5 12. Bxe5 Be7 13. f4 0-0 14. fxg5 hxg5 15. Kh1 Nd7 16. Bg3 b4 17. Na4 Ba6 18. a3 bxa3 19. bxa3 Nb6 20. Nc5 Bxc5 21. dxc5 Qxd1 22. Bxd1 Nd7 23. Bd6 f6 24. Kg1 Rf7 25. Rc1 Ne5 26. Bh5 Nd3 27. Bxf7+ Kxf7 28. Rc2 Rh8 29. g3 Kg6 30. Rb1 e5 31. Kg2 g4 32. Kg1 1/2-1/2

[Event "WC-2013-T-00004"]
[Site "LSS email"]
[Date "2011.12.24"]
[Round "?"]
[White "Makovsky, Petr"]
[Black "Martin Gonzalez, Angel"]
[Result "1-0"]
[WhiteElo "2482"]
[BlackElo "2323"]
[PlyCount "97"]
[EventDate "2011.12.28"]
[EventType "tourn (corr)"]
[EventRounds "12"]
[EventCountry "GER"]
[SourceTitle "Telechess CBM 163"]
[Source "ChessBase"]
[SourceDate "2014.11.11"]
[SourceVersion "2"]
[SourceVersionDate "2014.11.11"]
[SourceQuality "1"]

1. e4 c5 2. Nf3 d6 3. d4 cxd4 4. Nxd4 Nf6 5. Nc3 g6 6. Be3 Bg7 7. f3 Nc6 8. Qd2 0-0 9. 0-0-0 d5 10. exd5 Nxd5 11. Nxc6 bxc6 12. Bd4 e5 13. Bc5 Be6 14. Ne4 Re8 15. h4 h6 16. g4 Qc7 17. h5 f5 18. gxf5 gxf5 19. Nd6 Red8 20. Rg1 Kh7 21. Bc4 Rxd6 22. Rxg7+ Qxg7 23. Rg1 Qf6 24. Rg6 Nf4 25. Qxf4 exf4 26. Rxf6 Rd5 27. Bxd5 Bxd5 28. Rxf5 Bxf3 29. Rf7+ Kg8 30. Rxf4 Bxh5 31. Rf6 Bf7 32. Rxh6 Bd5 33. b3 Kf7 34. Rd6 a6 35. c4 Be4 36. a4 Bf3 37. Kb2 Be4 38. a5 Bf3 39. Kc3 Be4 40. Kd4 Bc2 41. b4 Ba4 42. Kd3 Ke8 43. Kc3 Rd8 44. Re6+ Kd7 45. Re7+ Kc8 46. Ra7 Rd7 47. Rxa6 Rb7 48. Ra8+ Rb8 49. Ra7 1-0